Finał ligi mistrzów 2019 skład (Liverpool-Tottenham) - Statystyki

Ogólne statystyki
  • Ten quiz został rozwiązany 1 467 razy
  • Średni wynik to 22 z 30
Statystyki odpowiedzi
Hint Odpowiedź % Poprawnych
LP#7 Son Heung-min
99%
PS#11 Mohamed Salah
98%
BR#13 Alisson Becker
97%
ŚO#4 Virgil van Dijk
97%
PO#66 Trent Alexander-Arnold
96%
N#9 ('58) Roberto Firmino
95%
LO#26 Andrew Robertson
93%
N#10 Harry Kane
93%
Trener Jürgen Klopp
93%
LS#10 ('90) Sadio Mané
93%
BR#1 Hugo Lloris
92%
ŚP#14 Jordan Henderson
88%
ŚO#32 Joël Matip
87%
N#27('58) Divock Origi
84%
ŚP#3 Fabinho
76%
ŚP#7('62) James Milner
74%
ŚO#12 ('90) Joe Gomez
72%
Trener Mauricio Pochettino
71%
PS#27 ('66) Lucas Moura
70%
PP#20 ('81) Dele Alli
69%
ŚO#5 Jan Vertonghen
67%
ŚP#5 ('62) Georginio Wijnaldum
66%
ŚPO#23 Christian Eriksen
60%
ŚO#4 Toby Alderweireld
53%
LO#3 Danny Rose
50%
PO#2 Kieran Trippier
47%
ŚP#17 ('74) Moussa Sissoko
46%
N#18 ('81) Fernando Llorente
38%
ŚP#15 ('74) Eric Dier
37%
ŚP#8 ('66) Harry Winks
37%
Nie znaleziono quizów pasujących do podanych kryteriów
Rozkład punktacji
Procent ludzi z każdym wynikiem
Percentyl według liczby udzielonych odpowiedzi
Twoja historia wyników
Nie rozwiązałeś tego quizu